| 000 | 00549nam a2200169 i 4500 | ||
|---|---|---|---|
| 001 | 44076 | ||
| 003 | ES-MaACL | ||
| 005 | 20230906160941.0 | ||
| 007 | t| | ||
| 008 | 030320s1966 sp ||||1| spa d | ||
| 245 | 0 | 7 |
_aPrimer ciclo de conferencias _b: año 1962. |
| 260 |
_aMadrid : _bInstituto Nacional de Meteorología, _c1966. |
||
| 300 |
_a9 t. en 1 v. : _bil. ; _c24 cm. |
||
| 500 | _aPrecede al tit.: Servicio Meteorológico Nacional. | ||
| 710 | 1 |
_aEspaña. _bServicio Meteorológico Nacional. _93981 |
|
| 852 |
_aES-MaACL _jC-29569 _bR.60119 |
||
| 999 |
_c44076 _d44076 |
||